Gute Fahrt - die Automobilbestände im Staatsarchiv Chemnitz

Titel: Gute Fahrt - die Automobilbestände im Staatsarchiv Chemnitz
Verfasser:
Beteiligt:
In: Sächsisches Archivblatt, Heft 1 (2010), Seite 19-21
alle Artikel anzeigen
Veröffentlicht: 2010
Format: Aufsatz
Kein Bild verfügbar
X
alg: 44200817
001A    $03036:30-01-19 
001B    $01999:30-01-19 $t23:08:44.000 
001D    $03036:30-01-19 
001U    $0utf8 
001X    $00 
002@    $0Aox    
003@    $0442008171 
007A    $0442008171 $aHEB 
007T    $0ArchMa18348 
011@    $a2010 
021A    $aGute Fahrt - die Automobilbestände im Staatsarchiv Chemnitz 
028A    $aHerrmann $dHans-Christian 
028B/01 $aSchirok $dGert 
031A    $e1 $h19-21 $j2010 
039B    $aIn $8--Abvc--. Sächsisches Archivblatt. - Dresden : Sächsisches Staatsarchiv, 1992-2021 $x201000000000001981 $9048627194 
045T    $a8,1 

lok: 44200817 105

exp: 44200817 105 1 #EPN
201B/01 $030-01-19 $t15:12:11.000 
201C/01 $030-01-19 
201U/01 $0utf8 
203@/01 $01042385815 
208@/01 $a13-12-18 $be 
209A/01 $a/ $f106 $x00 
245Z/01 $a3.15.02. $bArchivwesen des Bundes- und der deutschen Bundesländer / Sachsen / Archive und Archivbestände $x01 
247C/01 $8->Marburg, Bibliographie zum Archivwesen der Archivschule Marburg $939588196X
LEADER 00000caa a22000002c 4500
001 442008171
003 DE-603
005 20190130230844.0
007 tu
008 190130s2010 xx |||| | u00||u|und c
035 |a (DE-599)HEB442008171 
040 |a DE-603  |b ger  |c DE-603  |d DE-603 
084 |a 8,1  |2 ssgn 
100 1 |a Herrmann, Hans-Christian 
245 0 0 |a Gute Fahrt - die Automobilbestände im Staatsarchiv Chemnitz 
264 0 |c 2010 
700 1 |a Schirok, Gert 
773 0 8 |i In  |t Sächsisches Archivblatt  |d Dresden : Sächsisches Staatsarchiv, 1992-2021  |h 30 cm  |g Heft 1 (2010), Seite 19-21  |w (DE-603)048627194  |w (DE-600)1151016-X 
924 0 |9 -  |a (DE-603)1042385815  |b DE-  |c HES  |d d  |g /